| 000 | 00950nas a2200313 4500 | ||
|---|---|---|---|
| 001 | BR2011000274 | ||
| 003 | BR-BrBNA | ||
| 005 | 20231205114408.0 | ||
| 007 | ta | ||
| 008 | 230509b bl.|||p| |||| 00| 00por d | ||
| 040 |
_aBR-BrBNA _bpor _cBiblioteca Nacional de Agricultura |
||
| 041 | _a(Pt) | ||
| 072 | _aF30 | ||
| 100 | 1 | _aMota, M.S. | |
| 100 | 1 | _aBianchi, V.J. | |
| 100 | 1 | _aCarvalho, A.Z. de | |
| 100 | 1 | _aBraga, E.J.B. | |
| 100 | 1 | _aPeters, J.A. | |
| 245 | 1 | _aCaracterização molecular dos alelos-S de incompatibilidade gametofítica em Prunus salicina Lindl | |
| 650 | _aAMEIXA JAPONESA | ||
| 650 | _aGENE | ||
| 650 | _aGENÓTIPO | ||
| 650 | _aPOLINIZAÇÃO | ||
| 650 | _aGENÉTICA MOLECULAR | ||
| 650 | _aFERTILIDADE DO SOLO | ||
| 773 | 0 |
_tRevista Brasileira de Fruticultura (Brazil) _xISSN 0100-2945 _g(Sep 2010), v. 32(3) p. 798-807 _wBR2011000274 |
|
| 909 |
_a202311 _bLúcia _c55 _dLúcia Elande |
||
| 942 |
_2AGRIS _n0 _cANA |
||
| 999 |
_c208576 _d208576 |
||